La investigación académica en ciencias sociales desde una perspectiva de género (Record no. 71979)

MARC details
000 -LEADER
campo de control de longitud fija 00812nmm a2200253Ia 4500
008 - DATOS DE LONGITUD FIJA--INFORMACIÓN GENERAL
campo de control de longitud fija 251105s9999||||xx |||||||||||||||||und||
020 ## - NÚMERO INTERNACIONAL ESTÁNDAR DEL LIBRO
Número Internacional Estándar del Libro 9788499216898
041 ## - CÓDIGO DE IDIOMA
Código de lengua del texto/banda sonora o título independiente spa
100 ## - ENTRADA PRINCIPAL--NOMBRE DE PERSONA
Nombre de persona Tomàs-Folch, Marina (coord.)
245 #0 - MENCIÓN DEL TÍTULO
Título La investigación académica en ciencias sociales desde una perspectiva de género
264 ## - PRODUCCIÓN, PUBLICACIÓN, DISTRIBUCIÓN, FABRICACIÓN Y COPYRIGHT
Producción, publicación, distribución, fabricación y copyright [Madrid, España] :
Nombre del de productor, editor, distribuidor, fabricante Octaedro,
Fecha de producción, publicación, distribución, fabricación o copyright 2015
300 ## - DESCRIPCIÓN FÍSICA
Extensión 112 páginas
490 ## - MENCIÓN DE SERIE
Mención de serie Educación - Psicopedagogía
650 ## - PUNTO DE ACCESO ADICIONAL DE MATERIA--TÉRMINO DE MATERIA
Término de materia o nombre geográfico como elemento de entrada Gender and Women Studies
700 ## - ENTRADA AGREGADA--NOMBRE PERSONAL
Nombre de persona Tomàs-Folch, Marina (coord.)
700 1# - ENTRADA AGREGADA--NOMBRE PERSONAL
Nombre de persona Bernabeu, Maria Dolors
700 1# - ENTRADA AGREGADA--NOMBRE PERSONAL
Nombre de persona Duran-Bellonch, Mar
700 1# - ENTRADA AGREGADA--NOMBRE PERSONAL
Nombre de persona Ion, Georgeta
700 1# - ENTRADA AGREGADA--NOMBRE PERSONAL
Nombre de persona Mentado, Trinidad
700 1# - ENTRADA AGREGADA--NOMBRE PERSONAL
Nombre de persona Tomàs-Folch, Marina
700 1# - ENTRADA AGREGADA--NOMBRE PERSONAL
Nombre de persona Castro, Diego
856 ## - LOCALIZACIÓN Y ACCESO ELECTRÓNICOS
Identificador Uniforme de Recursos <a href="https://public.digitaliapublishing.com/a/41990">https://public.digitaliapublishing.com/a/41990</a>
942 ## - ELEMENTOS DE ENTRADA SECUNDARIOS (KOHA)
Tipo de ítem Koha Libro Digital

No items available.

Powered by Koha